| 000 | 00595nam a2200217 a 4500 | ||
|---|---|---|---|
| 001 | BRCA_7770 | ||
| 005 | 20190320210003.0 | ||
| 008 | 300913s1945----mx-ac#####---#000-0#spa-# | ||
| 041 | _aspa | ||
| 044 | _amx | ||
| 050 | 4 |
_aN910.P84 _b.S25 1945 |
|
| 100 | 1 |
_aSalazar Monroy, Meliton _919237 |
|
| 245 | 1 | 0 |
_aMuseo Bello _cSalazar Monroy. |
| 260 |
_aPuebla _bImpresos Lopez _c1945 |
||
| 300 |
_a30 p. _bil., retratos _c22 cm. |
||
| 500 | _aX8 | ||
| 610 | 2 | 4 |
_aMuseo Bello (Ciudad de Puebla) _919238 |
| 650 | 1 | 4 |
_aArte _vGalerĂas y museos _zPuebla (Ciudad) _919239 |
| 902 | _aGFM | ||
| 942 |
_2lcc _cB |
||
| 999 |
_c7444 _d7444 |
||